El pedagogo
Guardat en:
| Autor principal: | |
|---|---|
| Format: | Llibre |
| Idioma: | espanyol |
| Publicat: |
Madrid
Gredos
1988
|
| Col·lecció: | Biblioteca clásica Gredos, 118
|
| Matèries: | |
| Etiquetes: |
Afegir etiqueta
Sense etiquetes, Sigues el primer a etiquetar aquest registre!
|
MARC
| LEADER | 00000nam a2200000 a 4500 | ||
|---|---|---|---|
| 001 | UCX1401 | ||
| 003 | CL-VaPUC | ||
| 008 | 900820e19880000SP |||||||||||||||||spa|d | ||
| 082 | 0 | 4 | |a 370.1 |b CLE |2 21 |
| 100 | 0 | |a San Clemente de Alejandría |e author |9 316890 | |
| 245 | 1 | 3 | |a El pedagogo |
| 300 | |a 353 p | ||
| 942 | |c BK | ||
| 945 | |d 19900820 00:00:00 | ||
| 260 | |a Madrid |b Gredos |c 1988 | ||
| 650 | 0 | |a Filosofía de la educación |9 258384 | |
| 650 | 0 | |a Formación profesional de profesores |9 307493 | |
| 583 | |a last modification |c 19900820 00:00:00 |k Rodrigo Vera | ||
| 490 | 0 | |a Biblioteca clásica Gredos, 118 | |
| 999 | |c 222643 |d 222641 | ||
| 952 | |0 0 |1 0 |4 0 |6 370_100000000000000_CLE_1988 |7 0 |8 A |9 217683 |a BIBEDU |b BIBEDU |d 2019-11-15 |i 2865688 |l 1 |o 370.1 CLE 1988 |p 2865688 |r 2022-10-24 |s 2022-10-20 |w 2019-11-15 |y BK |k FIL | ||
| 952 | |0 0 |1 0 |4 0 |6 370_100000000000000_CLE_1988 |7 0 |8 X |9 217684 |a BIBHIS |b BIBHIS |d 2019-11-15 |i 2865696 |o 370.1 CLE 1988 |p 2865696 |r 2024-01-30 |w 2019-11-15 |y BK_X |k HIS | ||